<?xml version='1.0' encoding='UTF-8'?>
  <record xmlns="http://www.loc.gov/MARC21/slim">
    <leader>00000cam a22000007i 4500</leader>
    <controlfield tag="001">ocm68690459</controlfield>
    <controlfield tag="003">OCoLC</controlfield>
    <controlfield tag="005">20251028011807.8</controlfield>
    <controlfield tag="008">961129e14751229be a   f      000 0 lat d</controlfield>
    <datafield tag="040" ind1=" " ind2=" ">
      <subfield code="a">NLGGC</subfield>
      <subfield code="b">dut</subfield>
      <subfield code="e">rda</subfield>
      <subfield code="e">dcrmb</subfield>
      <subfield code="e">fobidrtb</subfield>
      <subfield code="c">NLGGC</subfield>
      <subfield code="d">OCLCO</subfield>
      <subfield code="d">QGE</subfield>
      <subfield code="d">OCLCQ</subfield>
      <subfield code="d">OCLCA</subfield>
      <subfield code="d">OCLCQ</subfield>
      <subfield code="d">OCLCL</subfield>
      <subfield code="d">OCLCQ</subfield>
      <subfield code="d">OCLCL</subfield>
      <subfield code="d">OCLCA</subfield>
    </datafield>
    <datafield tag="029" ind1="0" ind2=" ">
      <subfield code="a">NLGGC</subfield>
      <subfield code="b">153611871</subfield>
    </datafield>
    <datafield tag="035" ind1=" " ind2=" ">
      <subfield code="a">(OCoLC)68690459</subfield>
    </datafield>
    <datafield tag="082" ind1=" " ind2="4">
      <subfield code="a">900</subfield>
      <subfield code="q">OCoLC</subfield>
      <subfield code="1">https://id.oclc.org/worldcat/ddc/E48wq7jdPxXjCKcWbGhyfThfCY</subfield>
    </datafield>
    <datafield tag="100" ind1="1" ind2=" ">
      <subfield code="a">Rolewinck, Werner,</subfield>
      <subfield code="d">1425-1502.</subfield>
    </datafield>
    <datafield tag="240" ind1="1" ind2="0">
      <subfield code="a">Fasciculus temporum</subfield>
    </datafield>
    <datafield tag="245" ind1="1" ind2="0">
      <subfield code="a">Fasciculus temporum.</subfield>
    </datafield>
    <datafield tag="246" ind1="3" ind2=" ">
      <subfield code="a">Cronica quae fasciculus temporum dicitur</subfield>
    </datafield>
    <datafield tag="260" ind1=" " ind2=" ">
      <subfield code="a">[Leuven] :</subfield>
      <subfield code="b">[Johannes Veldener],</subfield>
      <subfield code="c">29.XII.1476</subfield>
      <subfield code="e">(Impressa ... louaniēsi ... :</subfield>
      <subfield code="f">p̲ me iohannē veldener ...)</subfield>
    </datafield>
    <datafield tag="300" ind1=" " ind2=" ">
      <subfield code="a">[72] bladen :</subfield>
      <subfield code="b">illustraties ;</subfield>
      <subfield code="c">in-2.</subfield>
    </datafield>
    <datafield tag="336" ind1=" " ind2=" ">
      <subfield code="a">tekst</subfield>
      <subfield code="b">txt</subfield>
      <subfield code="2">rdacontent/dut</subfield>
    </datafield>
    <datafield tag="337" ind1=" " ind2=" ">
      <subfield code="a">zonder medium</subfield>
      <subfield code="b">n</subfield>
      <subfield code="2">rdamedia/dut</subfield>
    </datafield>
    <datafield tag="338" ind1=" " ind2=" ">
      <subfield code="a">band</subfield>
      <subfield code="b">nc</subfield>
      <subfield code="2">rdacarrier/dut</subfield>
    </datafield>
    <datafield tag="340" ind1=" " ind2=" ">
      <subfield code="a">papier</subfield>
      <subfield code="m">in-2</subfield>
    </datafield>
    <datafield tag="500" ind1=" " ind2=" ">
      <subfield code="a">Auteur: Werner Rolevinck van Laer.</subfield>
    </datafield>
    <datafield tag="500" ind1=" " ind2=" ">
      <subfield code="a">The colophon reads 'M.cccc.lxxvi qrto kale[n]das ianuarias scd'm stilum romane curie', taken to stand for 29 Dec. 1475. Based upon Ther Hoernen's 8-leaf-index issue, with additions. For a variant issue, with record of events between 30 July 1474 and 19 Dec. 1475 added on the last leaf, see Polain, Belgique 3367A and BMC. Woodcuts (15).</subfield>
    </datafield>
    <datafield tag="500" ind1=" " ind2=" ">
      <subfield code="a">Full-text Microfiche: Incunabula: The Printing Revolution in Europe 1455-1500, Unit 4 -Chronicles and Historiography Part I, CH 63 (Research Publications (Primary Source Media) Reading, 1994).</subfield>
    </datafield>
    <datafield tag="510" ind1="0" ind2=" ">
      <subfield code="a">GW M38696</subfield>
    </datafield>
    <datafield tag="510" ind1="0" ind2=" ">
      <subfield code="a">IDL 3932</subfield>
    </datafield>
    <datafield tag="530" ind1=" " ind2=" ">
      <subfield code="a">Titel is geselecteerd voor digitalisering voor de Koninklijke Bibliotheek in het kader van het Google Books-project.</subfield>
    </datafield>
    <datafield tag="710" ind1="1" ind2=" ">
      <subfield code="a">Veldener, Johan (Leuven)</subfield>
      <subfield code="4">prt</subfield>
      <subfield code="0">(NL-LeOCL)120800365</subfield>
    </datafield>
    <datafield tag="752" ind1=" " ind2=" ">
      <subfield code="a">België</subfield>
      <subfield code="d">Leuven</subfield>
      <subfield code="e">plaats van uitgave</subfield>
      <subfield code="4">pup</subfield>
    </datafield>
    <datafield tag="776" ind1="0" ind2=" ">
      <subfield code="t">Fasciculus temporum</subfield>
      <subfield code="w">(NL-LeOCL)396159346</subfield>
    </datafield>
    <datafield tag="776" ind1="0" ind2=" ">
      <subfield code="t">Fasciculus temporum</subfield>
      <subfield code="w">(NL-LeOCL)421811838</subfield>
    </datafield>
    <datafield tag="856" ind1="4" ind2="2">
      <subfield code="q">html</subfield>
      <subfield code="u">http://data.cerl.org/istc/ir00256000</subfield>
      <subfield code="z">zie de beschrijving bij de ISTC voor volledige bibliografische verwijzingen en vindplaatsen wereldwijd</subfield>
    </datafield>
  </record>